[Event "Petrolina Cordioli Memorial op"]
[Site "Petrolina"]
[Date "2008.10.11"]
[Round "4.11"]
[White "De Oliveira, Hebert Silva"]
[Black "De Carvalho, Felipe Lobo C"]
[Result "0-1"]
[WhiteElo "1882"]
[BlackElo "2115"]
[PlyCount "74"]
[EventDate "2008.10.09"]
[EventType "swiss"]
[EventRounds "7"]
[EventCountry "BRA"]
[SourceTitle "EXT 2022"]
[Source "ChessBase"]
[SourceDate "2021.10.06"]
[SourceVersion "1"]
[SourceVersionDate "2021.10.06"]
[SourceQuality "1"]

1. d4 Nf6 2. Nf3 g6 3. c4 Bg7 4. Nc3 0-0 5. e4 d6 6. Be2 Nc6 7. 0-0 e5 8. d5 Ne7 9. b4 Ne8 10. Ne1 f5 11. f3 f4 12. Nd3 Rf7 13. c5 Bf8 14. Bd2 g5 15. Rc1 h5 16. cxd6 cxd6 17. g4 hxg4 18. fxg4 Rh7 19. Kg2 Ng6 20. Be1 Bd7 21. Bf2 Qf6 22. a4 Qh8 23. Rh1 Rh3 24. Nb5 Nf6 25. Rc4 Rc8 26. Rxc8 Bxc8 27. Nc3 a6 28. b5 f3+ 29. Bxf3 Nxg4 30. Kg1 Rxh2 31. Rxh2 Qxh2+ 32. Kf1 Nf4 33. Bg1 Qh3+ 34. Ke1 Nxd3+ 35. Qxd3 Qg3+ 36. Kf1 Bh6 37. bxa6 Nh2+ 0-1

[Event "Petrolina Cordioli Memorial op"]
[Site "Petrolina"]
[Date "2008.10.09"]
[Round "1.17"]
[White "De Carvalho, Felipe Lobo C"]
[Black "Maia, Jose Pereira"]
[Result "1-0"]
[WhiteElo "2115"]
[BlackElo "1770"]
[PlyCount "64"]
[EventDate "2008.10.09"]
[EventType "swiss"]
[EventRounds "7"]
[EventCountry "BRA"]
[SourceTitle "EXT 2022"]
[Source "ChessBase"]
[SourceDate "2021.10.06"]
[SourceVersion "1"]
[SourceVersionDate "2021.10.06"]
[SourceQuality "1"]

1. e4 c6 2. Nc3 d5 3. Qf3 e6 4. d4 Bb4 5. e5 Ne7 6. Bd3 Nf5 7. Nge2 0-0 8. h4 c5 9. a3 cxd4 10. axb4 dxc3 11. g4 cxb2 12. Bxb2 Ne7 13. b5 b6 14. 0-0 Bb7 15. Ng3 Nd7 16. Nh5 Ng6 17. g5 Nxh4 18. Qg3 Qxg5 19. Qxg5 Nf3+ 20. Kg2 Nxg5 21. Kg3 Nc5 22. Be2 f5 23. exf6 gxf6 24. Rg1 Nd7 25. Kh4 e5 26. Nxf6+ Rxf6 27. Rxg5+ Rg6 28. Rf5 d4 29. Bc4+ Kh8 30. f4 Nf6 31. Rxe5 Rh6+ 32. Kg5 Rh5+ 1-0